ბათუმის შოთა რუსთაველის სახელმწიფო უნივერსიტეტის ბიბლიოთეკა

ფინანსური ანალიზი : (ბიბ.ჩანაწერი № 50295)

000 -ლიდერი
ფიქსირებული სიგრძის საკონტროლო ველი 01624nam a2200277Ia 4500
001 - საკონტროლო ნომერი
საკონტროლო ველი 17235
003 - საკონტროლო ნომრის იდენტიფიკატორი
საკონტროლო ველი GE_BSU
005 - ბოლო ოპერაციის თარიღი და დრო
საკონტროლო ველი 20200204142218.0
008 - ფიქსირებული სიგრძის მონაცემთა ელემენტები - ზოგადი ინფორმაცია
ფიქსირებული სიგრძის საკონტროლო ველი 181216s2014 xx |||||||||||||| ||geo||
020 ## - წიგნის საერთაშორისო სტანდარტული ნომერი
International Standard Book Number 9789941921346
040 ## - კატალოგიზაციის წყარო
Transcribing agency GE_BSU
041 ## - ენის კოდი
Language code of text/sound track or separate title geo
080 ## - უნივერსალური ათობითი კლასიფიკაციის ინდექსი
Universal Decimal Classification number 657.6(075.8) თ-87
100 ## - მთავარი ჩანაწერი - პიროვნების სახელი
Personal name თურმანიძე, თეიმურაზ.
9 (RLIN) 6771
245 ## - ცნობა სათაურის შესახებ
Title ფინანსური ანალიზი :
Remainder of title სახელმძღვ.უმაღლესი სასწავლებლების სტუდენტებისათვის
Statement of responsibility, etc მთ. რედ . ნოდარ ერიაშვილი ; რედ: სერგო ბარამიძე ; მანანა სულხანიშვილი.
264 ## - წარმოების, გამოცემის, დისტრიბუციის და სხვა ცნობები
გამოცემის, წარმოების, დისტრიბუციის... ადგილი თბილისი :
გამოცემის, წარმოების, დისტრიბუციის... სახელწოდება სამართლიანი საქართველო,
გამოცემის, წარმოების, დისტრიბუციის... თარიღი 2014.
300 ## - ფიზიკური აღწერა
Extent 204 გვ .:
Other physical details ცხრილ;
Dimensions 20 სმ.
653 ## - INDEX TERM--UNCONTROLLED
Uncontrolled term ბუღალტერია
653 ## - INDEX TERM--UNCONTROLLED
Uncontrolled term ეკონომიკა
653 ## - INDEX TERM--UNCONTROLLED
Uncontrolled term ფინანსური ანალიზი
653 ## - INDEX TERM--UNCONTROLLED
Uncontrolled term ფინანსური მდგომარეობა,ბიზნეს საქმიანობის ძირითადი ტენდენციები.
700 ## - ADDED ENTRY--PERSONAL NAME
Personal name ერიაშვილი, ნოდარ
Relator term მთავარი რედაქტორი
9 (RLIN) 3267
700 ## - ADDED ENTRY--PERSONAL NAME
Personal name ბარამიძე, სერგო
Relator term რედაქტორი
9 (RLIN) 6772
700 ## - ADDED ENTRY--PERSONAL NAME
Personal name სულხანიშვილი, მანანა
Relator term რედაქტორი
9 (RLIN) 6773
942 ## - ADDED ENTRY ELEMENTS (KOHA)
Koha item type წიგნი
Source of classification or shelving scheme
ეგზემპლარები
ჩამოწერის სტატუსი დაკარგული ეგზემპლარის სტატუსი კლასიფიკაციის წყარო ან თაროზე გაწყობის სქემა დაზიანების სტატუსი არ გაიცემა მუდმივი მდებარეობა (დაცვის ადგილი) ამჟამინდელი ადგილსამყოფელი თაროზე განთავსების ადგილი შეძენის თარიღი სრული შენახვის შიფრი შტრიხკოდი ბოლო ოპერაციის თარიღი ეგზემპლარის მიმდევრობითი ნომერი (კეტერი?) ფასის ძალაში შესვლის თარიღი ეგზემპლარის სახეობა
          ბათუმის შოთა რუსთაველის სახელმწიფო უნივერსიტეტის მთავარი ბიბლიოთეკა ბათუმის შოთა რუსთაველის სახელმწიფო უნივერსიტეტის მთავარი ბიბლიოთეკა წიგნსაცავი 2018-12-17 657.6(075.8) თ-87 45248 2018-12-17 45248 2018-12-17 წიგნი